00247nam a22000977a 4500008004100000022001300041041000800054245004400062260003500106300000800141240929b |||||||| |||| 00| 0 eng d a09752854 aEng aPrabandhan Indian Journal Of Management aNew DehlibSatya Gilani c2024 a74p